000 00502nam a2200193Ia 4500
008 140626s9999 xx 000 0 und d
100 _aChua, Johannes.
245 _a10 tips for a Merry Christmas on the road /
_cJohannes Chua.
260 _cc2011.
300 _a13 : 7, page 68
440 _aCruising
521 _aTOU
650 _a10 tips for Christmas celebration.
650 _aAdventure.
650 _aPhilippines.
650 _aPreparations.
650 _aRoad trips.
942 _cSE
999 _c121178
_d121178